000 00794nam a22002297a 4500
005 20251108173415.0
008 250721s2004 xx 000 0 ara d
020 _a9953301131
082 1 4 _aم/ط/923.5560669/كاي
100 1 _aكايا، زكريا
245 1 0 _aصلاح الدين الأيوبي : عربي -فرنسي -انجليزي /
246 1 1 _acalaheddine al-ayoubi
264 1 _aبيروت :
_bدار الراتب العلمية،
_c2004.
300 _a27ص : مص.
490 0 _aموسوعة مشاهير من تاريخنا للناشئة
650 1 7 _aالتاريخ الاسلامي
650 1 7 _aالايوبيون 1252-1174
653 _aناشئون صغار (10-14)سنة
700 1 _aشعبان، فوزي
_eTran.
942 _2ddc
_cREF
999 _c103168
_d103168